| 000 | 00742nam a22002537a 4500 | ||
|---|---|---|---|
| 999 |
_c3303 _d3303 |
||
| 003 | AR-CdUCM | ||
| 008 | 190306b ||||| |||| 00| 0 spa d | ||
| 020 | _a84-02-05464-1 | ||
| 040 |
_aMUNICIPALIDAD PROVINCIAL DEL CUSCO _cBIBLIOTECA MUNICIPAL DEL CUSCO |
||
| 041 | _heng | ||
| 082 |
_a818.5 / _bSA24 |
||
| 100 |
_aSanders, Lawrence _910984 |
||
| 245 | _aCanciones de Amor / | ||
| 260 |
_aBarcelona : _bBruguera, _c1978. |
||
| 300 |
_a287 páginas ; _c17 cm. |
||
| 440 |
_aLibro Amigo _n559 _910985 |
||
| 500 | _aTitulo original: Love songs | ||
| 650 |
_aLiteratura de Estados Unidos _99475 |
||
| 650 |
_aNovela _95 |
||
| 650 |
_aSiglo XX _98 |
||
| 700 |
_aMazía, Floreal (Traductor) _910986 |
||
| 942 |
_2ddc _cLIBROS |
||
| 945 | _araen | ||